Hard South America History and Geography Quiz - Statistics

General Stats
  • This quiz has been taken 223 times
  • The average score is 8 of 25
Answer Stats
Hint Answer % Correct
Which country lost a large percentage of it's male population in a war during the 1860's? Paraguay
88%
Bernardo O'Higgins helped free which South American country from Spanish rule? Chile
81%
Where is Europe's Spaceport in South America located? French Guiana
71%
What is the largest city in the Amazon rainforest? Manaus
71%
Which British privateer raided Spanish colonies on the Pacific ocean? Francis Drake
56%
What is the largest state in Brazil? Amazonas
53%
What is the 2nd longest river in South America? Parana
51%
Quechua is the most spoken native language, which is the second most spoken? Guarani
42%
What was the papal decree that separated the New World into Spanish and Portuguese areas? Treaty of Tordesillas
40%
Which Ecuadorian volcano is the farthest point from the center of the Earth? Chimborazo
39%
What is the name of the national park on Easter Island? Rapa Nui
31%
What is the capital of Aruba? Oranjestad
30%
What was the name of this war? War of the Triple Alliance
27%
What are the taple-top/mesa mountains found mostly in Venezuela and parts of western Guyana called? Tepui
22%
What is the name of the largest tropical wetland in the world? Pantanal
21%
Located in the above area, the 'Meeting of the Waters' is where the Solimoes river meets which dark river which runs side by side without mixing? Rio Negro
20%
What is the name of the town in Bolivia on the edge of the Salt Flats? Uyuni
18%
What is the name of an Argentine province that was also a name for a Dutch Republic in Asia? Formosa
17%
What is the name of the main Peruvian city on the shores of Lake Titicaca? Puno
11%
What is the largest island in the Galapagos archipelago? Isabela
10%
What is the largest island of Brazil? Marajo Island
10%
Which Chilean town is across the Beagle Channel from Ushuaia? Puerto Williams
8%
What valley, known for it's Cabernet Sauvignon, is located just South of Santiago, Chile? Maipo Valley
6%
What is the name of the 'Lost City' in the Sierra Nevada mountain area of Colombia? Ciudad Perdida
4%
Which peninsula are Orca's known to hunt seals on shore? Valdes Peninsula
4%
No matching quizzes found
Score Distribution
Percent of People with Each Score
Percentile by Number Answered
Your Score History
You have not taken this quiz